Výhodnejšie pre podnikateľov

Výklad devízového zákona č. 202/1995 Z.z. Súčasný devízový režim je neadekvátny stavu ekonomiky. Podmienky zavedenia konvertibility: primeranosť výmenného kurzu, dostatočná hladina devízových rezerv a racionálna makroekonomická politika. Vnútorná konvertibilita koruny. Pozitívna zmena základných eko...

Ausführliche Beschreibung

Gespeichert in:
Bibliographische Detailangaben
Format: Buchkapitel
Sprache:Slowakisch
Schlagworte:
Tags: Tag hinzufügen
Keine Tags, Fügen Sie das erste Tag hinzu!

MARC

LEADER 00000naa a2200000 4500
001 r017961
005 20221205102133.2
041 0 |a slo 
044 |a SK 
245 1 0 |a Výhodnejšie pre podnikateľov 
520 |a Výklad devízového zákona č. 202/1995 Z.z. Súčasný devízový režim je neadekvátny stavu ekonomiky. Podmienky zavedenia konvertibility: primeranosť výmenného kurzu, dostatočná hladina devízových rezerv a racionálna makroekonomická politika. Vnútorná konvertibilita koruny. Pozitívna zmena základných ekonomických veličín v r. 1994-1995. Nový devízový zákon ruší obmedzenia pre operácie na bežnom účte platobnej bilancie. 
610 2 0 |a zákony 
610 2 0 |a devízy 
610 2 0 |a 1995 
610 2 0 |a Slovensko 
610 2 0 |a konvertibilita 
610 2 0 |a politika devízová 
610 2 0 |a kurz výmenný 
610 2 0 |a rezervy devízové 
610 2 0 |a makroekonomika 
610 2 0 |a bilancia platobná 
610 2 0 |a koruna 
610 2 0 |a mena